<?xml version="1.0" encoding="UTF-8"?>
<record
    xmlns:xsi="http://www.w3.org/2001/XMLSchema-instance"
    xsi:schemaLocation="http://www.loc.gov/MARC21/slim http://www.loc.gov/standards/marcxml/schema/MARC21slim.xsd"
    xmlns="http://www.loc.gov/MARC21/slim">

  <leader>00896nam a2200253 a 4500</leader>
  <controlfield tag="001">51754</controlfield>
  <controlfield tag="003">BD-RjUL</controlfield>
  <controlfield tag="005">20211209075716.0</controlfield>
  <controlfield tag="008">730410m19381933nyua     b    001 0 eng  </controlfield>
  <datafield tag="035" ind1=" " ind2=" ">
    <subfield code="a">(BD-RjUL)51874</subfield>
  </datafield>
  <datafield tag="040" ind1=" " ind2=" ">
    <subfield code="a">DLC</subfield>
    <subfield code="c">DLC</subfield>
    <subfield code="d">BD-RjUL</subfield>
    <subfield code="b">eng</subfield>
  </datafield>
  <datafield tag="041" ind1=" " ind2=" ">
    <subfield code="a">eng</subfield>
  </datafield>
  <datafield tag="082" ind1="0" ind2="0">
    <subfield code="a">530</subfield>
    <subfield code="2">23</subfield>
    <subfield code="b">STP 1938</subfield>
  </datafield>
  <datafield tag="100" ind1="1" ind2=" ">
    <subfield code="a">Strong, John,</subfield>
    <subfield code="d">1905-</subfield>
    <subfield code="9">154799</subfield>
  </datafield>
  <datafield tag="245" ind1="0" ind2="0">
    <subfield code="a">Procedures in experimental physics /</subfield>
    <subfield code="c">by John Strong, in collaboration with H. Victor Neher, Albert E. Whitford, C. Hawley Cartwright and Roger Hayward, illustrated by Roger Hayward.</subfield>
  </datafield>
  <datafield tag="260" ind1=" " ind2=" ">
    <subfield code="a">Englewood cliff :</subfield>
    <subfield code="b">Prentice-Hall, inc.,</subfield>
    <subfield code="c">c1938.</subfield>
  </datafield>
  <datafield tag="300" ind1=" " ind2=" ">
    <subfield code="a">x, 642 p. :</subfield>
    <subfield code="b">illus. ;</subfield>
    <subfield code="c">24 cm.</subfield>
  </datafield>
  <datafield tag="490" ind1=" " ind2=" ">
    <subfield code="a">Prentice- hall physics series</subfield>
  </datafield>
  <datafield tag="500" ind1=" " ind2=" ">
    <subfield code="a">Inculde index</subfield>
  </datafield>
  <datafield tag="650" ind1=" " ind2="0">
    <subfield code="a">Physics</subfield>
    <subfield code="x">Laboratory manuals.</subfield>
    <subfield code="9">154800</subfield>
  </datafield>
  <datafield tag="700" ind1="1" ind2=" ">
    <subfield code="a">Neher, Henry Victor,</subfield>
    <subfield code="d">1904-</subfield>
    <subfield code="9">154801</subfield>
  </datafield>
  <datafield tag="740" ind1=" " ind2=" ">
    <subfield code="a">Experimental physics.</subfield>
  </datafield>
  <datafield tag="942" ind1=" " ind2=" ">
    <subfield code="2">ddc</subfield>
    <subfield code="c">BK</subfield>
  </datafield>
  <datafield tag="999" ind1=" " ind2=" ">
    <subfield code="c">51754</subfield>
    <subfield code="d">51754</subfield>
  </datafield>
  <datafield tag="952" ind1=" " ind2=" ">
    <subfield code="0">0</subfield>
    <subfield code="1">0</subfield>
    <subfield code="2">ddc</subfield>
    <subfield code="4">0</subfield>
    <subfield code="7">0</subfield>
    <subfield code="8">NFIC</subfield>
    <subfield code="a">RUCL</subfield>
    <subfield code="b">RUCL</subfield>
    <subfield code="c">Stack</subfield>
    <subfield code="d">1965-11-08</subfield>
    <subfield code="e">Zeitlinger</subfield>
    <subfield code="g">82.72</subfield>
    <subfield code="l">0</subfield>
    <subfield code="o">530 STP 1938</subfield>
    <subfield code="r">2016-09-03 00:00:00</subfield>
    <subfield code="t">C-2</subfield>
    <subfield code="w">2016-09-03</subfield>
    <subfield code="y">BK</subfield>
  </datafield>
  <datafield tag="952" ind1=" " ind2=" ">
    <subfield code="0">0</subfield>
    <subfield code="1">0</subfield>
    <subfield code="2">ddc</subfield>
    <subfield code="4">0</subfield>
    <subfield code="7">0</subfield>
    <subfield code="8">NFIC</subfield>
    <subfield code="a">RUCL</subfield>
    <subfield code="b">RUCL</subfield>
    <subfield code="c">Stack</subfield>
    <subfield code="d">1973-07-20</subfield>
    <subfield code="e">Books view, Dhaka</subfield>
    <subfield code="g">117.50</subfield>
    <subfield code="l">0</subfield>
    <subfield code="o">530 STP 1938</subfield>
    <subfield code="r">2016-09-03 00:00:00</subfield>
    <subfield code="t">C-3</subfield>
    <subfield code="w">2016-09-03</subfield>
    <subfield code="y">BK</subfield>
  </datafield>
  <datafield tag="952" ind1=" " ind2=" ">
    <subfield code="0">0</subfield>
    <subfield code="1">0</subfield>
    <subfield code="2">ddc</subfield>
    <subfield code="4">0</subfield>
    <subfield code="7">0</subfield>
    <subfield code="8">NFIC</subfield>
    <subfield code="a">RUCL</subfield>
    <subfield code="b">RUCL</subfield>
    <subfield code="c">Stack</subfield>
    <subfield code="d">1962-01-31</subfield>
    <subfield code="e">England : B.H Backwell</subfield>
    <subfield code="g">3.00</subfield>
    <subfield code="l">0</subfield>
    <subfield code="o">530 STP 1956</subfield>
    <subfield code="r">2016-09-22 00:00:00</subfield>
    <subfield code="t">C-4</subfield>
    <subfield code="w">2016-09-22</subfield>
    <subfield code="y">BK</subfield>
  </datafield>
</record>
